00541nam a22001697a 450000500170000001000150001702000270003203500140005903700090007308200110008210000230009324500790011625000060019526000460020127001030024730000210035020250728111848.0 aENG-146174 a9780670096008c1499.00 aEN-129706 bDBAD a92121 aGhose, Chandrachur aBose:bThe Untold Story of An Inconvenient Nationalist/cChandrachur Ghose a1 aHaryanabPenguin Random House Indiac2022 aPenguin Random House India Pvt. Ltd. 7th Floor , Infinity Tower C, DLF Cyber CitybHaryanae122002 a727p.c24 cm(hb)